Normal view
MARC view
- BEGG,CAROLYN CONNOLLY THOMAS
Entry Personal Name
001 - CONTROL NUMBER
- control field: 89648
003 - CONTROL NUMBER IDENTIFIER
- control field: NUST
005 - DATE AND TIME OF LATEST TRANSACTION
- control field: 20220225130015.0
008 - FIXED-LENGTH DATA ELEMENTS
- fixed length control field: 220225|| aca||aabn | a|a d
040 ## - CATALOGING SOURCE
- Original cataloging agency: NUST
- Transcribing agency: NUST
100 ## - HEADING--PERSONAL NAME
- Personal name: BEGG,CAROLYN CONNOLLY THOMAS
670 ## - SOURCE DATA FOUND
- Source citation: Work cat.: (NUST): BEGG,CAROLYN CONNOLLY THOMAS., DATA BASE SYSTEMS /, 2015.
